An english library : (Record no. 123050)

MARC details
000 -LEADER
fixed length control field 00816nam a22002777a 4500
003 - CONTROL NUMBER IDENTIFIER
control field dpl
005 - DATE AND TIME OF LATEST TRANSACTION
control field 20170124105919.0
008 - FIXED-LENGTH DATA ELEMENTS--GENERAL INFORMATION
fixed length control field 161004b xxu||||| |||| 00| 0 eng d
010 ## - LIBRARY OF CONGRESS CONTROL NUMBER
LC control number A-66650
020 ## - INTERNATIONAL STANDARD BOOK NUMBER
Terms of availability 00
035 ## - SYSTEM CONTROL NUMBER
System control number A-66650
037 ## - SOURCE OF ACQUISITION
Source of stock number/acquisition Cen Lib/Ret
040 ## - CATALOGING SOURCE
Original cataloging agency DPL
Language of cataloging EN
Transcribing agency TIT
082 ## - DEWEY DECIMAL CLASSIFICATION NUMBER
Classification number 016.86
Item number SMI
100 ## - MAIN ENTRY--PERSONAL NAME
Personal name Smith, F. Seymour
9 (RLIN) 3876
245 ## - TITLE STATEMENT
Title An english library :
Statement of responsibility, etc by F. Seymour Smith
Remainder of title a bookman's guide /
246 ## - VARYING FORM OF TITLE
Remainder of title
250 ## - EDITION STATEMENT
Edition statement rev.
260 ## - PUBLICATION, DISTRIBUTION, ETC. (IMPRINT)
Name of publisher, distributor, etc Andre Deutsch
Date of publication, distribution, etc 1963
Place of publication, distribution, etc London
270 ## - ADDRESS
City London
Address 105, russell street
300 ## - PHYSICAL DESCRIPTION
Extent 384p.
Dimensions 18cm(Hb)
500 ## - GENERAL NOTE
General note includes bibliographical references and index
650 ## - SUBJECT ADDED ENTRY--TOPICAL TERM
Topical term or geographic name as entry element English Literature
9 (RLIN) 108189
650 ## - SUBJECT ADDED ENTRY--TOPICAL TERM
Topical term or geographic name as entry element Classics Literature
Form subdivision English collections
9 (RLIN) 3878
942 ## - ADDED ENTRY ELEMENTS (KOHA)
Source of classification or shelving scheme Dewey Decimal Classification
Koha item type English Books
Classification part 016.86
Call number suffix SMI
Holdings
Withdrawn status Lost status Damaged status Not for loan Collection code Home library Current library Date acquired Source of acquisition Cost, normal purchase price Total Checkouts Full call number Barcode Date last seen Copy number Cost, replacement price Price effective from Koha item type Source of classification or shelving scheme
      Not For Loan Reference Central Library Central Library 02/06/2015 Cen Lib/Ret 0.00   016.86 SMI A-66650 02/06/2015 1 0.00 15/09/2016 English Books  
      Not For Loan Reference Central Library Central Library 27/07/2015 Cen Lib/Ret 0.00   016.86 SMI 271160 27/07/2015 1 0.00 27/07/2015 English Books Dewey Decimal Classification

© Delhi Public Library
Hit Counter
free hit counter